000 00343nam a2200133 i 4500
001 bg
100 1 _aTOKARSKI, Mieczysław
245 0 _aZarys metaloznawstwa metali i stopów nieżelaznych /
_cMieczysław Tokarski.
260 _aOpole,
_c1976.
040 _cBPK
041 _apol
942 _cKS
008 s pl f |000 0 pol
999 _c27524
_d27524
856 _uhttp://koha.tu.koszalin.pl/cgi-bin/koha/opac-detail.pl?biblionumber=27524
_yKatalog online BPK